[Event "Cambridge Int Open 2023"]
[Site "Cambridge ENG"]
[Date "2023.02.18"]
[Round "8.11"]
[White "Walker, Martin G"]
[Black "Dardha, Daniel"]
[Result "0-1"]
[WhiteTitle "FM"]
[BlackTitle "GM"]
[WhiteElo "2133"]
[BlackElo "2612"]
[WhiteFideId "410969"]
[BlackFideId "240990"]
[EventDate "2023.02.15"]

1. e4 c6 2. d4 d5 3. exd5 cxd5 4. c4 Nf6 5. Nc3 e6 6. Nf3 Be7 7. cxd5 Nxd5 8.
Bd3 Nxc3 9. bxc3 Qc7 10. Qc2 Nd7 11. O-O h6 12. a4 b6 13. Ba3 Bxa3 14. Rxa3 Bb7
15. Be4 Bxe4 16. Qxe4 O-O 17. h3 Rac8 18. Rc1 Qd6 19. Raa1 Rc7 20. Qe2 Rfc8 21.
Qa6 Nb8 22. Qd3 Nc6 23. Qe3 Na5 24. Nd2 Qd5 25. Ra3 Nc4 26. Nxc4 Rxc4 27. Rb1
Qa5 28. Rb5 Qa6 29. Re5 Qb7 30. a5 b5 31. a6 Qb6 32. Rb3 Qxa6 33. Rexb5 Rxc3 34.
Rxc3 Rxc3 35. Qxc3 Qxb5 36. Qc8+ Kh7 37. Qc7 Qb1+ 38. Kh2 Qf5 39. Qxa7 Qxf2 40.
Qb7 Qf4+ 41. Kh1 Qf5 42. Qc7 g5 43. Qc5 Kg6 44. Qa7 Qf1+ 45. Kh2 Qf4+ 46. Kh1 h5
47. Qa1 Qe4 48. Kh2 g4 49. hxg4 Qf4+ 50. Kh1 hxg4 51. Qb1+ Kg5 52. Qb5+ f5 53.
Qe2 Qc1+ 54. Kh2 g3+ 0-1

[Event "Cambridge Int Open 2023"]
[Site "Cambridge ENG"]
[Date "2023.02.18"]
[Round "8.13"]
[White "Turner, Matthew J"]
[Black "Bradbury, Neil H"]
[Result "1-0"]
[WhiteTitle "GM"]
[BlackTitle "IM"]
[WhiteElo "2455"]
[BlackElo "2200"]
[WhiteFideId "402893"]
[BlackFideId "400513"]
[EventDate "2023.02.15"]

1. d4 Nf6 2. Nf3 e6 3. g3 b5 4. Bg2 Bb7 5. O-O Be7 6. a4 b4 7. c4 bxc3 8. bxc3
d5 9. Ba3 O-O 10. Qb3 Ba6 11. Ne5 Nfd7 12. Bxe7 Qxe7 13. Qa3 Qxa3 14. Nxa3 Nxe5
15. dxe5 c6 16. c4 Nd7 17. f4 Nc5 18. cxd5 cxd5 19. Nb5 Bxb5 20. axb5 Rfb8 21.
Rfb1 g6 22. Kf2 a5 23. bxa6 Rxb1 24. Rxb1 Rxa6 25. Rb5 Na4 26. g4 Nc3 27. Rb4
Kg7 28. Bf3 Ra4 29. Rxa4 Nxa4 30. Ke3 f6 31. Kd4 Nb6 32. e3 f5 33. gxf5 gxf5 34.
Be2 Na4 35. Bd1 Nb6 36. Be2 Na4 37. Bb5 Nb2 38. Kc5 Kf7 39. Be2 Kg6 40. Kb4 Nc4
41. Bxc4 dxc4 42. Kxc4 Kh5 1-0

[Event "Cambridge Int Open 2023"]
[Site "Cambridge ENG"]
[Date "2023.02.18"]
[Round "8.14"]
[White "Hunt, Harriet V"]
[Black "Britnell, Jonathan"]
[Result "1-0"]
[WhiteTitle "IM"]
[WhiteElo "2349"]
[BlackElo "1708"]
[WhiteFideId "403512"]
[BlackFideId "445932"]
[EventDate "2023.02.15"]

1. e4 e5 2. Nf3 Nc6 3. Bb5 a6 4. Ba4 Nf6 5. d3 b5 6. Bb3 Be7 7. a4 b4 8. a5 d6
9. Nbd2 O-O 10. h3 d5 11. exd5 Nxd5 12. O-O Bf6 13. Ne4 Be6 14. Nfg5 Nd4 15.
Nxe6 fxe6 16. Bc4 Qe8 17. c3 Nf5 18. Qb3 Rd8 19. Bxa6 Qg6 20. Qd1 h5 21. Bc4
bxc3 22. bxc3 Nh4 23. Ng3 Nf4 24. Bxf4 exf4 25. Bxe6+ Kh8 26. Qxh5+ Qxh5 27.
Nxh5 Bxc3 28. Ra4 g5 29. a6 Rd6 30. Bg4 Bd4 31. Ra5 c5 32. a7 Rdd8 33. Ra6 Bg7
34. Rc1 1-0

[Event "Cambridge Int Open 2023"]
[Site "Cambridge ENG"]
[Date "2023.02.18"]
[Round "8.15"]
[White "Waller, Dan"]
[Black "Saunders, Aron"]
[Result "1-0"]
[WhiteElo "2117"]
[BlackElo "2109"]
[WhiteFideId "451053"]
[BlackFideId "469343"]
[EventDate "2023.02.15"]

1. e4 c6 2. d4 d5 3. e5 Bf5 4. h4 h5 5. Bd3 Bxd3 6. Qxd3 Qa5+ 7. b4 Qa6 8. Qb3
e6 9. Nf3 Ne7 10. Nc3 Nf5 11. Ne2 Nd7 12. a4 Nb6 13. Ng3 Qc4 14. Qxc4 Nxc4 15.
Rb1 Nxg3 16. fxg3 Be7 17. O-O O-O 18. c3 b6 19. Re1 a5 20. b5 c5 21. Be3 Rac8
22. Bf2 Rc7 23. Re2 Rfc8 24. Rf1 Kh7 25. Kh2 Rg8 26. dxc5 bxc5 27. Be3 f6 28.
Bf4 g5 29. exf6 gxf4 30. fxe7 Ne3 31. Ng5+ Kg6 32. Rxf4 Ng4+ 33. Rxg4 Rxe7 34.
Rf4 e5 35. Rf1 d4 36. cxd4 cxd4 37. Ne4 Rd8 38. Rf6+ Kg7 39. Rd6 d3 40. Rd2 Rxd6
41. Nxd6 e4 42. Nf5+ 1-0

[Event "Cambridge Int Open 2023"]
[Site "Cambridge ENG"]
[Date "2023.02.18"]
[Round "8.16"]
[White "Hobson, Kenneth"]
[Black "Bonn, Thomas"]
[Result "1/2-1/2"]
[WhiteElo "2051"]
[BlackElo "2189"]
[WhiteFideId "480819"]
[BlackFideId "638242"]
[EventDate "2023.02.15"]

1. e4 c5 2. Nf3 d6 3. Bb5+ Bd7 4. Bxd7+ Qxd7 5. O-O Nc6 6. c3 Nf6 7. Qe2 e6 8.
d4 cxd4 9. cxd4 d5 10. e5 Ne4 11. Nbd2 Nxd2 12. Bxd2 Be7 13. Rab1 a5 14. Rfc1
O-O 15. a3 a4 16. Qd3 Rfc8 17. h3 Na5 18. Bxa5 Rxa5 19. Rc2 Rxc2 20. Qxc2 Ra6
21. Kh2 Qc6 22. Rc1 Qxc2 23. Rxc2 Rc6 24. Ne1 Rc4 25. Kg3 b5 26. Rxc4 bxc4 27.
Nc2 Kf8 28. Kf3 Ke8 29. Ke3 Kd7 30. Kd2 Kc6 31. Ne3 Kb5 32. Nd1 Ka5 33. f4 Bh4
34. Ke2 Be7 35. g3 Bd8 36. Ke3 Ka6 37. Nc3 Ka5 38. Ne2 Be7 39. Kd2 Bd8 40. Kc3
Kb5 41. Kc2 Bb6 42. Kd2 Bd8 1/2-1/2

[Event "Cambridge Int Open 2023"]
[Site "Cambridge ENG"]
[Date "2023.02.18"]
[Round "8.17"]
[White "Dasgupta, Avyukt"]
[Black "Wall, Tim P"]
[Result "0-1"]
[BlackTitle "FM"]
[WhiteElo "1888"]
[BlackElo "2239"]
[WhiteFideId "480630"]
[BlackFideId "401641"]
[EventDate "2023.02.15"]

1. b3 b5 2. e3 Bb7 3. Nf3 a6 4. Bb2 Nf6 5. d3 d6 6. Nbd2 g6 7. c4 Bg7 8. d4 b4
9. Bd3 O-O 10. d5 e5 11. dxe6 fxe6 12. O-O Nbd7 13. Qc2 Nc5 14. Rad1 e5 15. Ng5
Qd7 16. Nge4 Qc6 17. f3 Bh6 18. Rfe1 Qb6 19. Nxf6+ Rxf6 20. Kh1 Nxd3 21. Qxd3
Rf7 22. Rc1 Bg7 23. Ne4 Qc6 24. Nd2 e4 25. Qc2 exf3 26. e4 fxg2+ 27. Kxg2 Raf8
28. Re2 Bxb2 29. Qxb2 Qc5 30. Kh1 Rf2 31. Rxf2 Rxf2 32. Rg1 Qh5 33. Rg2 Qd1+ 0-1

[Event "Cambridge Int Open 2023"]
[Site "Cambridge ENG"]
[Date "2023.02.18"]
[Round "8.19"]
[White "Weersing, Abigail Riis"]
[Black "Southcott-Moyers, Indy"]
[Result "0-1"]
[WhiteElo "1827"]
[BlackElo "2077"]
[WhiteFideId "460036"]
[BlackFideId "488542"]
[EventDate "2023.02.15"]

1. d4 d5 2. c4 c6 3. Nf3 Nf6 4. e3 Bf5 5. Bd3 e6 6. O-O Be7 7. Bxf5 exf5 8. cxd5
Nxd5 9. Nc3 Nf6 10. Qb3 Qb6 11. Qc2 g6 12. b3 O-O 13. Bb2 Nbd7 14. Rfd1 Rac8 15.
Na4 Qc7 16. Rac1 Nd5 17. Nc3 N7f6 18. h3 Rfe8 19. Ne5 Bd6 20. Nc4 Qe7 21. Nxd6
Qxd6 22. Re1 a6 23. Na4 Qe7 24. Nc5 Rcd8 25. a3 Rd6 26. Nd3 Nd7 27. Qd2 Re6 28.
Ne5 f6 29. Nd3 Qd6 30. Nc5 Nxc5 31. dxc5 Qe7 32. Kf1 Kf7 33. b4 f4 34. exf4
Rxe1+ 35. Rxe1 Qxe1+ 36. Qxe1 Rxe1+ 37. Kxe1 Nxf4 38. Kf1 Ke6 39. h4 f5 40. g3
Nd5 41. Ke2 Nc7 42. Kd3 Kd5 43. Bc3 Ne6 44. Bf6 a5 45. Bc3 g5 46. Bf6 g4 47. Bc3
h5 48. Bb2 Nf8 49. Bc3 Ng6 50. Bd4 axb4 51. axb4 f4 52. Bf6 Ne5+ 53. Kc3 fxg3
54. fxg3 Nd7 55. Bg5 Ke4 56. Be7 Ne5 57. Bd6 Nf7 58. b5 cxb5 59. Kb4 Kd5 60. Bf4
Kc6 61. Bb8 Nh6 62. Bf4 Nf5 63. Bb8 Ne7 64. Ba7 Nd5+ 65. Ka5 Nf6 66. Kb4 Ne4 67.
Bb8 Nxc5 68. Ba7 Na6+ 69. Ka5 Nc7 70. Bb8 Ne6 71. Kb4 Nd4 72. Be5 Nf5 73. Bf4
Kd5 74. Kxb5 Ke4 75. Kc5 Kf3 76. Kd5 Nxg3 77. Bc7 Nf5 78. Bd8 Kg3 0-1

[Event "Cambridge Int Open 2023"]
[Site "Cambridge ENG"]
[Date "2023.02.18"]
[Round "8.20"]
[White "Brocklehurst, Andrew"]
[Black "Crocker, Philip J"]
[Result "0-1"]
[WhiteElo "1816"]
[BlackElo "2128"]
[WhiteFideId "424765"]
[BlackFideId "403180"]
[EventDate "2023.02.15"]

1. e4 e5 2. Nf3 Nc6 3. d4 exd4 4. Nxd4 Nf6 5. Nxc6 bxc6 6. Nc3 Bb4 7. Bd3 d5 8.
exd5 O-O 9. dxc6 Re8+ 10. Be3 Ng4 11. Qf3 Bxc3+ 12. bxc3 Qh4 13. Kd2 Be6 14. h3
Nxe3 15. fxe3 Rad8 16. Rhf1 Rd6 17. Rab1 Bd5 18. Qf2 Qe7 19. Rb4 Bxc6 20. Rf4
Bd5 21. Rh4 h6 22. Qg3 c5 23. Rg4 g6 24. e4 c4 25. exd5 cxd3 26. Qxd3 Rxd5 27.
Qxd5 Qe2+ 28. Kc1 Qxf1+ 29. Kb2 Re1 30. c4 Rb1+ 31. Kc3 Qe1+ 32. Qd2 Qe5+ 33.
Rd4 Qa5+ 34. Kd3 Qf5+ 35. Kc3 Kh7 36. Rd5 Qe4 37. Qd4 Qxg2 38. Qxa7 Qxh3+ 39.
Rd3 Qe6 40. Qd7 Qe5+ 41. Rd4 Qa5+ 42. Kd3 Rd1+ 43. Ke4 Qe1+ 44. Kf3 Qf1+ 45. Ke3
Qg1+ 46. Ke4 Qg2+ 47. Ke3 Re1+ 48. Kf4 Qf2+ 49. Kg4 Rg1+ 50. Kh3 Qg3# 0-1

[Event "Cambridge Int Open 2023"]
[Site "Cambridge ENG"]
[Date "2023.02.18"]
[Round "8.21"]
[White "Senior, Gary"]
[Black "Adams, George"]
[Result "0-1"]
[WhiteElo "2086"]
[BlackElo "1494"]
[WhiteFideId "470937"]
[BlackFideId "487643"]
[EventDate "2023.02.15"]

1. e4 c5 2. d3 Nc6 3. f4 d6 4. Nf3 g6 5. Be2 Bg7 6. O-O Nf6 7. Qe1 Qb6 8. a4 Bd7
9. a5 Qc7 10. Bd2 d5 11. e5 Ng4 12. Nc3 Nb4 13. Bd1 d4 14. Ne4 Nd5 15. Nd6+ Kf8
16. Nc4 h5 17. Ng5 Qc8 18. Bf3 Bc6 19. Ne4 b6 20. h3 Nh6 21. axb6 axb6 22. Rxa8
Bxa8 23. Nf2 Qd8 24. Qa1 Kg8 25. g4 hxg4 26. hxg4 e6 27. Kg2 Bf8 28. Rh1 b5 29.
Qa5 Qb8 30. Na3 Bc6 31. Qa6 Qe8 32. Ne4 Be7 33. Qa7 Qf8 34. Qa6 Qe8 35. Kg3 Kg7
36. Qa7 Qf8 37. Ba5 Qa8 38. Bb6 Nxb6 39. Qxe7 Nd5 40. Qxc5 Rc8 41. Qxd4 Ne7 42.
c3 Nhf5+ 43. gxf5 Nxf5+ 44. Kf2 Nxd4 45. cxd4 Bd5 46. Nxb5 Qa4 47. Nf6 Rh8 48.
Rxh8 Kxh8 49. Bxd5 exd5 50. Nd6 Qxd4+ 51. Kg3 Qxd3+ 52. Kg4 Kg7 53. b4 Qe2+ 54.
Kg5 d4 55. Nfe4 Qh5# 0-1

[Event "Cambridge Int Open 2023"]
[Site "Cambridge ENG"]
[Date "2023.02.18"]
[Round "8.22"]
[White "Blinov, Roman"]
[Black "Pert, Nina"]
[Result "1-0"]
[BlackTitle "WCM"]
[WhiteElo "1731"]
[BlackElo "2009"]
[WhiteFideId "343104478"]
[BlackFideId "456853"]
[EventDate "2023.02.15"]

1. d4 d5 2. Bf4 Nf6 3. e3 c5 4. Nf3 Nc6 5. Nbd2 Nh5 6. Be5 f6 7. Bg3 cxd4 8.
exd4 g6 9. Be2 Bh6 10. O-O O-O 11. c4 Nxg3 12. hxg3 Kh8 13. Nb3 Bg4 14. Re1 Rc8
15. cxd5 Qxd5 16. Nh4 Bxe2 17. Qxe2 Rfe8 18. Nf3 Nb4 19. Red1 Rc2 20. Qe1 a5 21.
a3 Qxb3 22. axb4 Qxb4 23. Qxb4 axb4 24. b3 b5 25. Ra7 Rb2 26. Rd3 Rc8 27. Rxe7
Rcc2 28. d5 Rb1+ 29. Re1 Rxe1+ 30. Nxe1 Rc3 31. d6 Rc8 32. d7 Rd8 33. Nf3 Kg8
34. Rd5 Kf7 35. Nd4 Bf8 36. Nc6 Ke6 37. Nxd8+ Kxd5 38. Nc6 Ke6 1-0

[Event "Cambridge Int Open 2023"]
[Site "Cambridge ENG"]
[Date "2023.02.18"]
[Round "8.23"]
[White "Golubovic, Erik"]
[Black "Krivenko, Dion"]
[Result "0-1"]
[WhiteElo "1887"]
[BlackElo "2155"]
[WhiteFideId "14586908"]
[BlackFideId "4508378"]
[EventDate "2023.02.15"]

1. e4 d5 2. exd5 Qxd5 3. Nf3 Nf6 4. d4 Bg4 5. Be2 Nc6 6. h3 Bxf3 7. Bxf3 Qe6+ 8.
Be3 Nd5 9. Qe2 Nxe3 10. fxe3 Qd7 11. c3 e6 12. e4 e5 13. O-O exd4 14. Qb5 Be7
15. Bg4 Qd6 16. Rd1 O-O 17. cxd4 Nxd4 18. Qd3 Qb6 19. Kh1 Rad8 20. Qc4 Nc6 21.
Nc3 Ne5 22. Qe2 c6 23. Rab1 g6 24. Bf3 Rxd1+ 25. Rxd1 Rd8 26. Rxd8+ Qxd8 27. Nd1
Bc5 28. Ne3 Qd4 0-1

[Event "Cambridge Int Open 2023"]
[Site "Cambridge ENG"]
[Date "2023.02.18"]
[Round "8.24"]
[White "Palucha, Szymon"]
[Black "Adams, Henry"]
[Result "1/2-1/2"]
[WhiteElo "1980"]
[BlackElo "1738"]
[WhiteFideId "430005"]
[BlackFideId "464562"]
[EventDate "2023.02.15"]

1. e4 c5 2. Nf3 d6 3. d4 cxd4 4. Nxd4 Nf6 5. Nc3 a6 6. f3 e5 7. Nb3 Be6 8. Be3
Be7 9. Qd2 h5 10. Nd5 Nxd5 11. exd5 Bf5 12. c4 Nd7 13. Be2 b6 14. O-O O-O 15.
Bd3 Bxd3 16. Qxd3 f5 17. Kh1 Bg5 18. Rac1 a5 19. Nd2 Nc5 20. Bxc5 bxc5 1/2-1/2

[Event "Cambridge Int Open 2023"]
[Site "Cambridge ENG"]
[Date "2023.02.18"]
[Round "8.25"]
[White "OShea, Colm"]
[Black "Pert, Max"]
[Result "1/2-1/2"]
[WhiteElo "1677"]
[BlackElo "1793"]
[WhiteFideId "449660"]
[BlackFideId "456845"]
[EventDate "2023.02.15"]

1. e4 e6 2. d4 d5 3. Nd2 Be7 4. e5 c5 5. c3 Nc6 6. Ngf3 Nh6 7. Bd3 Qb6 8. dxc5
Bxc5 9. O-O Bd7 10. Nb3 Be7 11. Re1 O-O-O 12. Be3 Qc7 13. a4 Ng4 14. Bd4 f6 15.
exf6 gxf6 16. Bc5 e5 17. Bxe7 Nxe7 18. h3 Nh6 19. Bf1 Rhg8 20. Kh1 Qb6 21. Re2
Bc6 22. a5 Qc7 23. Rd2 Qd6 24. c4 d4 25. c5 Qc7 26. a6 d3 27. axb7+ Kb8 28. Na5
e4 29. Ne1 Nhf5 30. b4 Bd5 31. Qa4 e3 32. fxe3 Nh4 33. b5 Nxg2 34. Bxg2 Rg3 35.
Bxd5 Rxh3+ 36. Kg1 Rxd5 37. Qf4 Re5 38. Ng2 Qxc5 39. Nc6+ Nxc6 40. bxc6 Qxc6 41.
Qg4 Reh5 42. Qc8+ Qxc8 43. bxc8=Q+ Kxc8 44. Rxa7 Rh1+ 45. Kf2 R1h2 46. Kg3 R5h3+
47. Kf4 1/2-1/2

[Event "Cambridge Int Open 2023"]
[Site "Cambridge ENG"]
[Date "2023.02.18"]
[Round "8.26"]
[White "Nawalaniec, Adam"]
[Black "Rida, Ruqayyah"]
[Result "1-0"]
[WhiteElo "1753"]
[BlackElo "1669"]
[WhiteFideId "21023786"]
[BlackFideId "343272375"]
[EventDate "2023.02.15"]

1. e4 e5 2. Nf3 Nc6 3. Bc4 Bc5 4. O-O Nf6 5. d4 Bxd4 6. Nxd4 Nxd4 7. Bg5 h6 8.
Bh4 d6 9. f4 Nc6 10. Nc3 Be6 11. Nd5 Bxd5 12. exd5 Ne7 13. fxe5 dxe5 14. Bxf6
gxf6 15. Rxf6 Ng6 16. Qf3 Nf4 17. Rf5 Qd6 18. Bb5+ Kd8 19. Kh1 f6 20. g3 Nh3 21.
Rxf6 Qc5 22. Rf7 Nf4 23. gxf4 Qxb5 24. fxe5 Re8 25. Rd1 Qxb2 26. d6 Qxe5 27.
dxc7+ Kc8 28. Qg4+ Qe6 29. Qxe6+ Rxe6 30. Rd8# 1-0

[Event "Cambridge Int Open 2023"]
[Site "Cambridge ENG"]
[Date "2023.02.18"]
[Round "8.27"]
[White "Smart, Michael R"]
[Black "Volovich, Julia"]
[Result "1/2-1/2"]
[WhiteElo "1957"]
[BlackElo "1830"]
[WhiteFideId "411370"]
[BlackFideId "447099"]
[EventDate "2023.02.15"]

1. e4 e6 2. d4 d5 3. Nd2 c5 4. exd5 Qxd5 5. Ngf3 cxd4 6. Bc4 Qd7 7. O-O Nc6 8.
Nb3 a6 9. Nbxd4 Nxd4 10. Nxd4 Qc7 11. Qe2 Bd6 12. h3 Ne7 13. Rd1 Ng6 14. Nf5
Bh2+ 15. Kh1 Be5 16. f4 exf5 17. fxe5 O-O 18. e6 Bxe6 19. Bxe6 fxe6 20. Qxe6+ 1/2-1/2

[Event "Cambridge Int Open 2023"]
[Site "Cambridge ENG"]
[Date "2023.02.18"]
[Round "8.28"]
[White "Berkley, Stephen W"]
[Black "Kovalskyi, Roman"]
[Result "0-1"]
[WhiteElo "1615"]
[BlackElo "2111"]
[WhiteFideId "486850"]
[BlackFideId "14184214"]
[EventDate "2023.02.15"]

1. d4 d5 2. c4 e6 3. Nc3 c5 4. e3 Nf6 5. Nf3 Nc6 6. a3 a6 7. cxd5 exd5 8. Be2
Bf5 9. O-O Be7 10. dxc5 Bxc5 11. b4 Be7 12. Bb2 O-O 13. Qb3 Be6 14. Qc2 Rc8 15.
Rac1 Ne4 16. Rfd1 f5 17. Qb1 Nxc3 18. Bxc3 Qe8 19. Ne5 f4 20. Bd3 Qh5 21. Nxc6
Rxc6 22. Qb2 f3 23. g3 Bf5 0-1

[Event "Cambridge Int Open 2023"]
[Site "Cambridge ENG"]
[Date "2023.02.18"]
[Round "8.29"]
[White "Golsta, Ramona"]
[Black "Hutchinson, Norman A"]
[Result "1-0"]
[WhiteElo "1777"]
[BlackElo "1974"]
[WhiteFideId "11607394"]
[BlackFideId "411540"]
[EventDate "2023.02.15"]

1. d4 Nf6 2. c4 e6 3. Nc3 Bb4 4. f3 d5 5. a3 Bxc3+ 6. bxc3 O-O 7. e3 Nh5 8. Qc2
f5 9. Nh3 c5 10. Bd3 g6 11. O-O Nc6 12. cxd5 Qxd5 13. c4 Qd6 14. d5 Ne5 15. Be2
Nf6 16. Bb2 exd5 17. cxd5 b6 18. Qc3 Ned7 19. e4 Re8 20. Bb5 1-0

[Event "Cambridge Int Open 2023"]
[Site "Cambridge ENG"]
[Date "2023.02.18"]
[Round "8.30"]
[White "Gonzales, Ceferino"]
[Black "Patel, Zain"]
[Result "0-1"]
[WhiteElo "1509"]
[BlackElo "1890"]
[WhiteFideId "5219590"]
[BlackFideId "469246"]
[EventDate "2023.02.15"]

1. c4 c6 2. d4 d5 3. Nf3 Nf6 4. Qc2 g6 5. e3 Bg7 6. Nbd2 Bf5 7. Bd3 Bxd3 8. Qxd3
Nbd7 9. b3 O-O 10. Bb2 c5 11. Ne5 dxc4 12. Ndxc4 Nxe5 13. Nxe5 cxd4 14. Qxd4 Nd7
15. Qxd7 Qxd7 16. Nxd7 Bxb2 17. Nxf8 Bxa1 18. Ke2 Be5 19. f4 Bd6 20. Nd7 f6 21.
Rd1 Kf7 22. e4 Bxf4 23. Nc5 b6 24. Nd3 Bd6 25. Rc1 h5 26. g3 h4 27. Nf4 g5 28.
Nd3 hxg3 29. e5 Ba3 30. Rh1 Rh8 31. h3 g2 32. Rg1 Rxh3 33. Rxg2 Bc5 34. b4 Bd4
35. exf6 exf6 36. b5 Re3+ 37. Kd2 Re7 38. Nb4 f5 39. Nc6 Rd7 40. Kc2 Bf6 41. Rh2
g4 42. Rh7+ Ke6 43. Rxd7 Kxd7 44. Kd3 a5 45. a4 Kd6 46. Ke3 Bg5+ 47. Kf2 Kd5 48.
Nb8 Bd8 49. Nc6 Bc7 50. Ne7+ Kc4 51. Ke3 Kb3 52. Kd3 Kxa4 53. Kc4 g3 0-1

[Event "Cambridge Int Open 2023"]
[Site "Cambridge ENG"]
[Date "2023.02.18"]
[Round "8.31"]
[White "Gardiner, Eric D"]
[Black "Liu, Tianyi (Jack)"]
[Result "0-1"]
[WhiteElo "1883"]
[BlackElo "1865"]
[WhiteFideId "435880"]
[BlackFideId "8627894"]
[EventDate "2023.02.15"]

1. e4 c5 2. c3 d5 3. exd5 Qxd5 4. d4 Nf6 5. Nf3 Bg4 6. dxc5 e6 7. Qxd5 Nxd5 8.
Bb5+ Kd8 9. Ne5 Bh5 10. Nd2 Bxc5 11. Ne4 Be7 12. Ng3 Bg6 13. a3 Bf6 14. Nxg6
hxg6 15. Ne4 Be5 16. Bd2 a6 17. Be2 Nc6 18. g3 Nf6 19. Nxf6 gxf6 20. O-O-O Kc7
21. f4 Bd6 22. Be3 Rad8 23. Rdf1 f5 24. Bc4 Be7 25. b4 Bf6 26. Kc2 Ne7 27. Bb3
Nd5 28. Bd2 Rh3 29. c4 Ne7 30. a4 Rdh8 31. b5 axb5 32. axb5 Rxh2 33. Rxh2 Rxh2
34. Rf3 Bd4 35. Kd3 Rf2 36. Bd1 Rxf3+ 37. Bxf3 Bf2 38. g4 fxg4 39. Bxg4 Bc5 40.
Bf3 Nf5 41. Be4 Ng3 42. Bf3 Nh5 43. Ke4 Bd6 44. Bxh5 gxh5 45. f5 h4 46. fxe6
fxe6 47. Kf3 h3 48. Be3 Be5 49. Bf2 h2 50. Kg2 Bf4 51. Be1 e5 52. c5 e4 53. Ba5+
Kd7 54. c6+ bxc6 55. bxc6+ Kxc6 56. Be1 Kd5 57. Ba5 Kd4 58. Be1 Kd3 59. Bh4 e3
60. Be1 Ke2 61. Ba5 Kd1 62. Bb6 e2 63. Bf2 Bd2 64. Bg3 Be1 65. Bd6 Bh4 66. Bb4
Bg5 0-1

[Event "Cambridge Int Open 2023"]
[Site "Cambridge ENG"]
[Date "2023.02.18"]
[Round "8.33"]
[White "Murawski, Jan"]
[Black "Bowers, Francis J"]
[Result "1/2-1/2"]
[WhiteElo "1708"]
[BlackElo "1855"]
[WhiteFideId "21009287"]
[BlackFideId "438383"]
[EventDate "2023.02.15"]

1. d4 Nf6 2. c4 g6 3. Nc3 Bg7 4. e4 d6 5. Bg5 O-O 6. f3 Nbd7 7. Bd3 h6 8. Be3 e5
9. d5 Ne8 10. Qd2 Kh7 11. g4 c5 12. h4 Rh8 13. h5 g5 14. Nh3 Kg8 15. Nf2 Bf6 16.
Ke2 a5 17. Rhb1 b6 18. a3 Ba6 19. b4 Bb7 20. bxa5 Rxa5 21. Nb5 Be7 22. Qc2 f6
23. Bd2 Ra6 24. a4 Kf7 25. Ra2 Nc7 26. Nxc7 Qxc7 27. Rba1 Rha8 28. Qb1 Bc8 29.
Qe1 Bd8 30. Nd1 Ke7 31. Nc3 Nb8 32. Nb5 Qd7 33. Bc2 Qe8 34. a5 Bd7 35. Bd3 1/2-1/2

[Event "Cambridge Int Open 2023"]
[Site "Cambridge ENG"]
[Date "2023.02.18"]
[Round "8.35"]
[White "Pousada Garcia, Daniel"]
[Black "Donnelly, Andrew J"]
[Result "1-0"]
[WhiteElo "2077"]
[BlackElo "1522"]
[WhiteFideId "2278642"]
[BlackFideId "472344"]
[EventDate "2023.02.15"]

1. e4 c5 2. Nf3 a6 3. c3 e6 4. d4 d5 5. e5 Nc6 6. Bd3 Nge7 7. Na3 Qc7 8. O-O Ng6
9. Re1 Be7 10. Nc2 O-O 11. Ne3 Bd7 12. Nf1 Rac8 13. a3 cxd4 14. cxd4 Na7 15. Bg5
Bb5 16. Rc1 Qd7 17. Bb1 Rxc1 18. Bxc1 Rc8 19. Ng5 Bxg5 20. Bxg5 Ba4 21. b3 Bc6
22. a4 a5 23. Ng3 b5 24. f4 h6 25. f5 hxg5 26. fxg6 f6 27. Qh5 f5 28. Nxf5 exf5
29. e6 Qd6 30. e7 Qb4 31. Qh7# 1-0

[Event "Cambridge Int Open 2023"]
[Site "Cambridge ENG"]
[Date "2023.02.18"]
[Round "8.36"]
[White "Hutchinson, Paul A"]
[Black "Bryant, Harry"]
[Result "1-0"]
[WhiteElo "2070"]
[BlackElo "1686"]
[WhiteFideId "411558"]
[BlackFideId "489158"]
[EventDate "2023.02.15"]

1. d4 d5 2. Bf4 Nf6 3. e3 c5 4. Nf3 Nc6 5. Nbd2 Qb6 6. dxc5 Qxb2 7. Rb1 Qc3 8.
Bb5 g6 9. O-O Bg7 10. Be5 Qa5 11. c4 e6 12. cxd5 exd5 13. e4 Be6 14. Bd6 dxe4
15. Ng5 h6 16. Nxe6 fxe6 17. Qb3 Nd5 18. Bxc6+ bxc6 19. Qb7 Rd8 20. Qxg7 Qc3 21.
Qxg6+ 1-0

[Event "Cambridge Int Open 2023"]
[Site "Cambridge ENG"]
[Date "2023.02.18"]
[Round "8.37"]
[White "Larchikov, Maksym"]
[Black "Chantrell, Paul"]
[Result "1/2-1/2"]
[WhiteElo "1901"]
[BlackElo "1572"]
[WhiteFideId "34120815"]
[BlackFideId "451967"]
[EventDate "2023.02.15"]

1. d4 d5 2. c4 c6 3. Nf3 Nf6 4. Nc3 dxc4 5. a4 Bf5 6. e3 e6 7. Bxc4 Bb4 8. O-O
O-O 9. Qe2 Nbd7 10. Rd1 Ne4 11. Nxe4 Bxe4 12. Bd2 Bxf3 13. gxf3 Bxd2 14. Rxd2
Nb6 15. Bd3 Nd5 16. f4 f5 17. Kh1 a5 18. Rg1 Rf6 19. Rdd1 Qe8 20. Rg2 Rg6 21.
Rxg6 Qxg6 22. Rc1 Qe8 23. Qf3 Qb8 24. Rg1 Qc7 25. Bc4 Re8 26. Rc1 Qd6 27. Qd1 b6
28. Qb3 Nb4 29. Rg1 Re7 30. h3 Kf7 31. Rc1 1/2-1/2

[Event "Cambridge Int Open 2023"]
[Site "Cambridge ENG"]
[Date "2023.02.18"]
[Round "8.39"]
[White "Soulier, Alfred"]
[Black "Sefton, Adam"]
[Result "1-0"]
[WhiteElo "1722"]
[BlackElo "1529"]
[WhiteFideId "486264"]
[BlackFideId "343400965"]
[EventDate "2023.02.15"]

1. e4 e6 2. d4 d5 3. Nc3 Nf6 4. e5 Nfd7 5. f4 c5 6. Nf3 cxd4 7. Nxd4 Nc6 8. Be3
Bc5 9. a3 Nxd4 10. Bxd4 Bxd4 11. Qxd4 Qb6 12. Qxb6 Nxb6 13. O-O-O Bd7 14. Be2 f6
15. exf6 gxf6 16. Rhe1 Kf7 17. Bh5+ Kg7 18. f5 e5 19. Nxd5 Bxf5 20. Nxb6 axb6
21. Bf3 Rac8 22. c3 Rc7 23. g4 Bd7 24. g5 Bc6 25. gxf6+ Kxf6 26. Be4 Bxe4 27.
Rxe4 Kf5 28. Rb4 e4 29. Rf1+ Kg4 30. Rxe4+ Kh3 31. Rf2 Rg8 32. Re3+ Kh4 33. Rf4+
Rg4 34. Rxg4+ Kxg4 35. Kd2 h5 36. Ke2 Rf7 37. a4 Rf4 38. b3 h4 39. h3+ Kf5 40.
Rd3 Re4+ 41. Kf2 Rf4+ 42. Kg2 Re4 43. Rd5+ Kf4 44. Kf2 Re7 45. Rh5 Ke4 46. Rxh4+
Kd3 47. Rc4 Rf7+ 48. Kg3 Kc2 49. Rb4 Rg7+ 50. Kf4 Rh7 51. Kg4 Rg7+ 52. Kf5 Rh7
53. h4 Kxc3 54. Kg6 Rh8 55. Rf4 Kxb3 56. h5 Rg8+ 57. Kh7 Rg1 58. Rf6 b5 59. axb5
Kb4 60. Rb6 Kc5 61. Rxb7 Kd6 62. h6 Kc5 63. Rg7 Ra1 64. Kh8 Kxb5 65. Kg8 Kb4 66.
h7 Ra8+ 67. Kf7 Rh8 68. Kg6 Ra8 69. Rg8 Ra6+ 70. Kg5 Ra5+ 71. Kg4 1-0